Mitologías
Wedi'i Gadw mewn:
| Prif Awdur: | |
|---|---|
| Fformat: | Llyfr |
| Iaith: | Sbaeneg |
| Cyhoeddwyd: |
Madrid
Siglo Veintiuno de España
2000
|
| Rhifyn: | 3a. ed |
| Cyfres: | Teoría
|
| Pynciau: | |
| Tagiau: |
Ychwanegu Tag
Dim Tagiau, Byddwch y cyntaf i dagio'r cofnod hwn!
|
MARC
| LEADER | 00000nam a2200000 a 4500 | ||
|---|---|---|---|
| 001 | UCM7726 | ||
| 003 | CL-VaPUC | ||
| 008 | 030110e20000000SP |||||||||||||||||spa|d | ||
| 020 | |a 843230381X | ||
| 082 | 0 | 4 | |a 844 |b BAR |2 21 |
| 100 | |a Barthes, Roland |e author |9 265510 | ||
| 245 | 1 | 0 | |a Mitologías |
| 250 | |a 3a. ed | ||
| 300 | |a 257 p | ||
| 942 | |c BK | ||
| 945 | |d 20030110 00:00:00 |a cmena | ||
| 260 | |a Madrid |b Siglo Veintiuno de España |c 2000 | ||
| 650 | 0 | |a Ensayos franceses |9 265511 | |
| 650 | 0 | |a Literatura francesa |9 266330 | |
| 583 | |a last modification |c 20030110 00:00:00 |k Rodrigo Vera | ||
| 490 | 0 | |a Teoría | |
| 999 | |c 302409 |d 302407 | ||
| 952 | |0 0 |1 0 |4 0 |6 844_000000000000000_BAR_2000 |7 0 |8 A |9 362915 |a FDOPOS |b FDOPOS |d 2019-11-21 |i 387382K |o 844 BAR 2000 |p 387382K |r 2025-01-22 |w 2019-11-21 |y BK |k MLH | ||
| 952 | |0 0 |1 0 |4 0 |6 844_000000000000000_BAR_2000 |7 0 |8 A |9 362916 |a BIBART |b BIBART |d 2019-11-21 |i 4418212 |o 844 BAR 2000 |p 4418212 |r 2025-03-13 |w 2019-11-21 |y BK |k ART | ||